Регионална библиотека "Любен Каравелов" - Русе

Японските бойни изкуства (Запис номер 31907)

MARC детайли
000 -Лидер
Контролно поле с фиксирана дължина 02015nam a2200373 c 4500
003 - Код на организацията, давaща контролен номер
Контролно поле BLK
005 - Дата и час на последна редакция
Контролно поле 20230817100525.0
008 - Елементи от данни с фиксирана дължина
fixed length control field 180407b bul|||||r ||||||| ||bul||
010 ## - Наследен системен номер
LC control number KNG00034573000
020 ## - Международен стандартен номер на книга ISBN
Международен стандартен номер на книга ISBN 954-607-378-4
-- издат.: Лик - на том(т. 1)
040 ## - Източник на каталожния запис
Идентификатор на билиотеката - собственик на записа BLK
041 ## - Код за език
Код за езика на текст/звукозапис или на отделно заглавие Български
Код за езика КДБФ Български
080 ## - УДК
Текстов определител УДК Източни бойни изкуства - Джиу-джиц, джудо, кит. борба, айкидо, самбо, карате, сумо и др.
УДК код - определител по УДК 796.85
УДК определител (520)
УДК - код + определител 796.85(520)
100 1# - Редна дума - Автор
Автор Хърст III, Дж. Камерън
Авторска отговорност първи автор
R(LIN) 271892
139 ## - Редно поле
Редна дума Хърст III, Дж. Камерън
Авторски знак Хъ - Х 96
245 10 - Сведения за заглавието
Заглавие Японските бойни изкуства
Подзаглавни данни [Т. 1] -
Редно поле (дума) Дж. Камерън Хърст III; прев. от англ. Атанаска Митева; консултант Ева Пупешкова.
Том [Т. 1]
Заглавие на том Стрелба с лък ; Бой с меч
257 ## - Страна на издаване
Страна на създаване/издаване Съединени американски щати
260 ## - Област на издателските данни
-- София
Година на издаване 2000 -
300 ## - Физическа характеристика
Размери/Мащаб 20 см
380 ## - Жанр
Жанр Изкуство
500 ## - Общи забележки
Забележка Ориг. загл. Armed Matrial Aert of Japan / G. Cameron Hurst III.
650 #4 - Допълнително описание по предмет – тема
Основно описание – тема или топоним Бойни изкуства, източни - Япония
9 (RLIN) 246021
653 ## - Ключова дума – ненормативна
Ключова дума бойни изкуства
653 ## - Ключова дума – ненормативна
Ключова дума Япония
700 1# - Други автори (авторска отговорност)
Лично име Митева, Атанаска
Автороска отговорност (Описва отношението между автора и произведението) прев. от англ.
9 (RLIN) 266918
700 1# - Други автори (авторска отговорност)
Лично име Пупешкова, Ева
Автороска отговорност (Описва отношението между автора и произведението) консултант
9 (RLIN) 113432
760 1# - Описание на основната серия
-- - на том(т. 1)
Редна дума на основното описание Хърст III, Дж. Камерън
Място на издаване, издател и година Лик, 2000
Страници - том 288 с., 8 л. : ил.
Забележка - том Ориг. загл. Swordmanship and Archery. - В библиогр. каре авт. Г. Камерън Хърст ІІІ. - Съдържа и Терминол. речник. - Библиогр. с. 273-283 ; Азб. показалец.
Заглавие [Т. 1] Стрелба с лък ; Бой с меч
852 ## - Местоположение
Форматна сигнатура Цб 206942
856 4# - Електронен адрес и достъп
Електронен формат pdf - файл
Път до файла /url/
856 4# - Електронен адрес и достъп
Електронен формат pdf - файл
Път до файла /url/
942 ## - АРТИКУЛИ
Вид на библиотечния материал Книги
Скрит в OPAC Не
Koha issues (borrowed), all copies 1
944 ## - СЪЗДАВАНЕ И РЕДАКЦИЯ на ЗАПИСА
Създаване/Редакция Създаване
Дата на регистрацията/редакция 15.01.2003
Служител, извършил регистрацията/редакцията 30575
Статус, дата на статуса Мартин Енчев
944 ## - СЪЗДАВАНЕ И РЕДАКЦИЯ на ЗАПИСА
Създаване/Редакция Редакция
Дата на регистрацията/редакция 03.12.2003
Служител, извършил регистрацията/редакцията
999 ## - СИСТЕМНИ КОНТРОЛНИ НОМЕРА
Koha biblionumber 31907
Koha biblioitemnumber 31907
Наличности
Код за отписване Код за изгубен артикул Източник на класификационната схема Код за повреда Коз за рестрикции Код за отдаване Артикулен № Име на библиотеката - собственик Име на библиотеката, в която се намира в момента Статус (Текущо местоположение) Дата на вписване в системата Местоположение - отдел Цена в лева Инвентарен номер Систематично азбучна сигнатура Баркод Номер на екземпляра Цена в евро Служебна бележка Служебен тип на артикула
  Не е изгубен Universal Decimal Classification Не е повреден без рестрикции заемане за дома 50770 Регионална библиотека "Любен Каравелов" Русе Регионална библиотека "Любен Каравелов" Русе Заемна - подръчен фонд 2001-01-01 Заемна - подръчен фонд 7.90 660908 П 796.8/Х 96 120000660908 1 4.04 Дост: Pk Вид: Ф N: стар фонд Дата: 01.01.2001 Дата инв: 08.02.2018 Бележки инв: П2018 Книги
  Не е изгубен   Не е повреден без рестрикции ползва се в читалня 50771 Регионална библиотека "Любен Каравелов" Русе Регионална библиотека "Любен Каравелов" Русе Хранилище 2002-11-20 Основен фонд - ползва се само за читалня 7.90 120000673360 Цб 206942 120000673360 2 4.04 Дост: Pk Вид: Ф N: 150 Дата: 15.11.2002 Книги
Vip Innovations Ltd, Rousse, Bulgaria 2025